| 000 | 01635cam a22003015a 4500 | ||
|---|---|---|---|
| 001 | L150726 | ||
| 008 | 100824e20100724xxk 000 0 eng d | ||
| 035 | _a(Sirsi) u150726 | ||
| 041 | 0 | _aeng | |
| 100 | 1 | _aDriscoll, James | |
| 245 | 0 | 0 | _aCaught in the middle |
| 260 | _c2010 | ||
| 490 |
_aEstates Gazette _v(1029) 24 July 2010, 78-80(3) |
||
| 520 | _aGuidance on valuing intermediate leases under Leasehold Reform Housing and Urban Development Act 1993 Sched 13, claims for compensation where a collective enfranchisement claim is preceeded by the leaseholders obtaining new leases and relativity as set out in "Nailrile Ltd v Cadogan and Ors" LRA/114/2006, 27 June 2008, one of five cojoined appeals from LVT considered together by the Upper Tribunal Lands Chamber. (see L147327 for summary and link to decision). (See also Part 2 of series L150729) | ||
| 590 | _aKA | ||
| 650 | 2 | 4 | _aNAILRILE LTD V EARL CADOGAN |
| 650 | 2 | 4 | _aEARL CADOGAN V SPORTELLI |
| 650 | 2 | 4 | _aVISIBLE INFORMATION PACKAGED SYSTEMS LTD V SQUAREPOINT (LONDON) LTD |
| 650 | 2 | 4 | _aLEASEHOLD REFORM, HOUSING AND URBAN DEVELOPMENT ACT 1993 PART I |
| 650 | 2 | 4 | _aDAEJAN PROPERTIES LTD V EYRE ESTATE TRUSTEES AND OTHERS |
| 650 | 2 | 4 | _aLALVANI AND OTHERS V EARL CADOGAN AND ANOTHER |
| 650 | 2 | 4 | _aMETROPOLITIAN PROPERTIES CO (REGIS) LTD V BARTHOLOMEW |
| 650 | 2 | 4 | _aUAE INVESTMENTS LTD V ALIM INVESTMENTS LTD V COMMISSIONERS OF EXHIBITION OF 1851 |
| 651 | 4 | _aENGLAND AND WALES | |
| 690 | _aPROPERTY-RESIDENTIAL PROPERTY-RESIDENTIAL LANDLORD AND TENANT-RESIDENTIAL LEASES-RESIDENTIAL LEASEHOLD ENFRANCHISEMENT | ||
| 700 | 1 | _aWilson, James | |
| 942 | _n0 | ||
| 999 |
_c82619 _d82619 |
||